La mer Noire de A à Z - Statistiques

Statistiques générales
  • Ce quiz a été pris 52 fois
  • Le résultat moyen est 15 sur 26
Statistiques - réponses
Lettre Indices Réponses % Correct
G Pays côtier dont la capitale est Tbilissi Géorgie
94%
D Plus long fleuve se jetant dans la mer Noire Danube
92%
J Sotchi accueille cet évènement en 2014 Jeux Olympiques
92%
R Pays côtier, frontalier de la Bulgarie et de la Moldavie notamment Roumanie
92%
C Péninsule dont la ville la plus peuplée est Sébastopol Crimée
90%
N Figure biblique ayant survécu au Déluge, situé hypothétiquement dans la mer Noire Noé
88%
B Passage maritime reliant la mer de Marmara à la mer Noire Bosphore
86%
U Pays européen côtier de la mer Noire Ukraine
84%
Q Émission télévisée dans laquelle Jacques répond 4 fois d'affilée "La mer Noire" Questions pour un champion
80%
I Ville se situant sur le détroit reliant la mer Noire à la mer de Marmara Istanbul
78%
Y S'y tient une conférence diplomatique en 1945 Yalta
78%
A Vaste péninsule de Turquie située entre la mer Méditerranée et la mer Noire Anatolie
71%
H Peuple nomade conquérant le pourtour Nord de la mer Noire vers 375 Huns
67%
O Ville côtière de plus de 1 000 000 d'habitants au Nord de la mer Noire Odessa
67%
M Groupe mettant en scène dans La Tribu de Dana un affrontement entre Celtes et Cimmériens, peuple de la mer Noire Manau
59%
X L'un des grands rois de Perse ayant contrôlé la moitié des côtes de la Mer Noire Xerxès Ier
51%
T Région balkanique historique à cheval sur la Bulgarie, la Grèce et la Turquie Thrace
41%
S Grande formation végétale bordant la côte Nord de la mer Noire Steppe eurasienne
37%
V Les byzantins affrontent ce peuple sur la mer Noire lors de 8 différentes guerres Viking | Varègue
31%
K Détroit portant le nom d'une ville qui relie la mer d'Azov à la mer Noire détroit de {Kertch}
20%
W Dans la culture populaire, plus célèbre des Amazones, peuple de femmes guerrières vivant sur les rives de la mer Noire Wonder Woman
16%
P Adjectif désignant ce qui est relatif à la mer Noire Pontique
14%
E Discipline dans laquelle 3 des 6 meilleures fédérations féminines sont côtières à la Mer Noire Échecs
10%
Z Empereur romain d'Orient régnant à Byzance au moment de l'effondrement de l'Empire d'Occident Zénon
8%
F Forme d'accumulation sédimentaire présente à la péninsule de Kinbourn et la baie de Tendra {Flèche} littorale
6%
L Gymnaste née à Kherson et nonuple championne du monde Larissa Latynina
6%
Aucun quiz correspondant
Distribution des résultats
% des personnes avec chaque résultat
Percentile par nombre de réponses
Votre historique - résultats
Vous n’avez pas pris ce quiz